Zwycięzcy Plebiscytu Przeglądu Sportowego - Statystyki

Ogólne statystyki
  • Ten quiz został rozwiązany 96 razy
    36 od ostatniego zresetowania
  • Średni wynik to 32 z 92
Statystyki odpowiedzi
Wskazówka Odpowiedź % Poprawnych
2015 Robert Lewandowski
100%
2020 Robert Lewandowski
100%
2021 Robert Lewandowski
100%
2001 Adam Małysz
94%
2002 Adam Małysz
94%
2003 Adam Małysz
94%
2007 Adam Małysz
94%
2014 Kamil Stoch
94%
2017 Kamil Stoch
94%
2022 Iga Świątek
91%
2023 Iga Świątek
91%
2019 Bartosz Zmarzlik
84%
2009 Justyna Kowalczyk
81%
2010 Justyna Kowalczyk
81%
2011 Justyna Kowalczyk
81%
2012 Justyna Kowalczyk
81%
2013 Justyna Kowalczyk
81%
2024 Aleksandra Mirosław
78%
2008 Robert Kubica
78%
1982 Zbigniew Boniek
75%
1974 Irena Szewińska
72%
1976 Irena Szewińska
72%
2025 Klaudia Zwolińska
69%
2016 Anita Włodarczyk
66%
2004 Otylia Jędrzejczak
63%
2005 Otylia Jędrzejczak
63%
2006 Otylia Jędrzejczak
63%
1998 Robert Korzeniowski
63%
2000 Robert Korzeniowski
63%
2018 Bartosz Kurek
56%
1980 Władysław Kozakiewicz
47%
1995 Paweł Nastula
44%
1997 Paweł Nastula
44%
1999 Tomasz Gollob
41%
1993 Rafał Kubacki
38%
1996 Renata Mauer
38%
1988 Waldemar Legień
28%
1992 Waldemar Legień
28%
1938 Stanisław Marusarz
25%
1931 Janusz Kusociński
22%
1994 Andrzej Wroński
16%
1971 Ryszard Szurkowski
16%
1973 Ryszard Szurkowski
16%
1967 Sobiesław Zasada
16%
1926 Wacław Kuchar
16%
1969 Waldemar Baszanowski
16%
1927 Halina Konopacka
13%
1928 Halina Konopacka
13%
1977 Janusz Pyciak-Peciak
13%
1981 Janusz Pyciak-Peciak
13%
1957 Jerzy Pawłowski
13%
1968 Jerzy Pawłowski
13%
1985 Lech Piasecki
13%
1930 Stanisława Walasiewicz
13%
1932 Stanisława Walasiewicz
13%
1933 Stanisława Walasiewicz
13%
1934 Stanisława Walasiewicz
13%
1984 Andrzej Grubba
9%
1956 Elżbieta Krzesińska
9%
1936 Jadwiga Jędrzejowska
9%
1937 Jadwiga Jędrzejowska
9%
1954 Janusz Sidło
9%
1955 Janusz Sidło
9%
1978 Józef Łuszczek
9%
1972 Witold Woyda
9%
1975 Zygmunt Smalcerz
9%
1948 Aleksy Antkiewicz
6%
1950 Helena Rakoczy
6%
1965 Irena Kirszenstein
6%
1966 Irena Kirszenstein
6%
1989 Joachim Halupczok
6%
1960 Józef Szmidt
6%
1964 Józef Szmidt
6%
1987 Marek Dopierała
6%
1987 Marek Łbik
6%
1958 Zdzisław Krzyszkowiak
6%
1951 Zygmunt Chychła
6%
1952 Zygmunt Chychła
6%
1986 Andrzej Malina
3%
1959 Edmund Piątkowski
3%
1961 Ireneusz Paliński
3%
1979 Jan Jankiewicz
3%
1953 Leszek Drogosz
3%
1935 Roger Verey
3%
1962 Teresa Ciepły
3%
1970 Teresa Sukniewicz
3%
1990 Wanda Panfil
3%
1991 Wanda Panfil
3%
1983 Zdzisław Hoffmann
3%
1963 Ryszard Parulski
0%
1929 Stanisław Petkiewicz
0%
1949 Zdobysław Stawczyk
0%
Nie znaleziono quizów pasujących do podanych kryteriów
Rozkład punktacji
Procent ludzi z każdym wynikiem
Percentyl według liczby udzielonych odpowiedzi
Twoja historia wyników
Nie rozwiązałeś tego quizu od ostatniego zresetowania